Présidents du Conseil sous la Troisième République française - Statistiques

Statistiques générales
  • Ce quiz a été pris 1 662 fois
  • Le résultat moyen est 36 sur 93
Statistiques - réponses
Date de début Date de fin Président de la République Président du Conseil % Correct
25 octobre 1906 20 juillet 1909 Armand Fallières Georges Clemenceau
84%
16 novembre 1917 18 janvier 1920 Raymond Poincaré Georges Clemenceau
84%
4 juin 1936 21 juin 1937 Albert Lebrun Léon Blum
77%
13 mars 1938 8 avril 1938 Albert Lebrun Léon Blum
77%
14 janvier 1912 21 janvier 1913 Armand Fallières Raymond Poincaré
75%
15 janvier 1922 1er juin 1924 Alexandre Millerand Raymond Poincaré
75%
23 juillet 1926 26 juillet 1929 Gaston Doumergue Raymond Poincaré
75%
23 septembre 1880 10 novembre 1881 Jules Grévy Jules Ferry
74%
21 février 1883 30 mars 1885 Jules Grévy Jules Ferry
74%
9 décembre 1913 2 juin 1914 Raymond Poincaré Gaston Doumergue
70%
9 février 1934 8 novembre 1934 Albert Lebrun Gaston Doumergue
70%
20 janvier 1920 18 février 1920 Raymond Poincaré Alexandre Millerand
69%
18 février 1920 23 septembre 1920 Paul Deschanel Alexandre Millerand
69%
16 juin 1940 11 juillet 1940 Albert Lebrun Philippe Pétain
68%
24 juillet 1909 27 février 1911 Armand Fallières Aristide Briand
63%
21 janvier 1913 18 février 1913 Armand Fallières Aristide Briand
63%
18 février 1913 18 mars 1913 Raymond Poincaré Aristide Briand
63%
29 octobre 1915 17 mars 1917 Raymond Poincaré Aristide Briand
63%
16 janvier 1921 12 janvier 1922 Alexandre Millerand Aristide Briand
63%
28 novembre 1925 17 juillet 1926 Gaston Doumergue Aristide Briand
63%
29 juillet 1929 22 octobre 1929 Gaston Doumergue Aristide Briand
63%
14 novembre 1881 26 janvier 1882 Jules Grévy Léon Gambetta
63%
31 janvier 1933 24 octobre 1933 Albert Lebrun Édouard Daladier
61%
30 janvier 1934 7 février 1934 Albert Lebrun Édouard Daladier
61%
12 avril 1938 20 mars 1940 Albert Lebrun Édouard Daladier
61%
27 février 1892 28 novembre 1892 Sadi Carnot Émile Loubet
61%
29 janvier 1883 17 février 1883 Jules Grévy Armand Fallières
59%
27 janvier 1931 13 juin 1931 Gaston Doumergue Pierre Laval
54%
13 juin 1931 6 février 1932 Paul Doumer Pierre Laval
54%
7 juin 1935 22 janvier 1936 Albert Lebrun Pierre Laval
54%
24 mai 1873 18 mai 1874 Patrice de Mac Mahon Albert de Broglie
53%
17 mai 1877 19 novembre 1877 Patrice de Mac Mahon Albert de Broglie
53%
22 juin 1899 3 juin 1902 Émile Loubet Pierre Waldeck-Rousseau
47%
14 juin 1924 10 avril 1925 Gaston Doumergue Édouard Herriot
45%
19 juillet 1926 21 juillet 1926 Gaston Doumergue Édouard Herriot
45%
3 juin 1932 14 décembre 1932 Albert Lebrun Édouard Herriot
45%
22 mars 1940 16 juin 1940 Albert Lebrun Paul Reynaud
42%
7 juin 1902 1er janvier 1905 Émile Loubet Émile Combes
40%
3 décembre 1893 22 mai 1894 Sadi Carnot Jean Casimir-Perier
40%
12 décembre 1876 16 mai 1877 Patrice de Mac Mahon Jules Simon
39%
21 février 1930 25 février 1930 Gaston Doumergue Camille Chautemps
35%
26 novembre 1933 24 janvier 1934 Albert Lebrun Camille Chautemps
35%
29 juin 1937 10 mars 1938 Albert Lebrun Camille Chautemps
35%
2 septembre 1871 24 mai 1873 Adolphe Thiers Jules Dufaure
32%
23 février 1876 2 décembre 1876 Patrice de Mac Mahon Jules Dufaure
32%
13 décembre 1877 30 janvier 1879 Patrice de Mac Mahon Jules Dufaure
32%
13 juin 1914 29 octobre 1915 Raymond Poincaré René Viviani
32%
28 décembre 1879 19 septembre 1880 Jules Grévy Charles de Freycinet
31%
30 janvier 1882 29 juillet 1882 Jules Grévy Charles de Freycinet
31%
7 janvier 1886 3 décembre 1886 Jules Grévy Charles de Freycinet
31%
17 mars 1890 18 février 1892 Sadi Carnot Charles de Freycinet
31%
12 septembre 1917 13 novembre 1917 Raymond Poincaré Paul Painlevé
31%
17 avril 1925 22 novembre 1925 Gaston Doumergue Paul Painlevé
31%
3 novembre 1929 17 février 1930 Gaston Doumergue André Tardieu
30%
2 mars 1930 4 décembre 1930 Gaston Doumergue André Tardieu
30%
20 février 1932 10 mai 1932 Paul Doumer André Tardieu
30%
28 avril 1896 15 juillet 1898 Félix Faure Jules Méline
27%
6 décembre 1892 30 mars 1893 Sadi Carnot Alexandre Ribot
23%
26 janvier 1895 28 octobre 1895 Félix Faure Alexandre Ribot
23%
9 juin 1914 12 juin 1914 Raymond Poincaré Alexandre Ribot
23%
20 mars 1917 7 septembre 1917 Raymond Poincaré Alexandre Ribot
23%
4 avril 1893 23 novembre 1893 Sadi Carnot Charles Dupuy
23%
30 mai 1894 25 juin 1894 Sadi Carnot Charles Dupuy
23%
1er juillet 1894 15 janvier 1895 Jean Casimir-Perier Charles Dupuy
23%
1er novembre 1898 18 février 1899 Félix Faure Charles Dupuy
23%
18 février 1899 12 juin 1899 Émile Loubet Charles Dupuy
23%
27 juin 1911 11 janvier 1912 Armand Fallières Joseph Caillaux
23%
1er novembre 1895 23 avril 1896 Félix Faure Léon Bourgeois
21%
4 février 1879 21 décembre 1879 Jules Grévy William Henry Waddington
21%
30 mai 1887 4 décembre 1887 Jules Grévy Maurice Rouvier
20%
24 janvier 1905 18 février 1906 Émile Loubet Maurice Rouvier
20%
18 février 1906 7 mars 1906 Armand Fallières Maurice Rouvier
20%
26 octobre 1933 24 novembre 1933 Albert Lebrun Albert Sarraut
19%
24 janvier 1936 4 juin 1936 Albert Lebrun Albert Sarraut
19%
11 décembre 1886 17 mai 1887 Jules Grévy René Goblet
19%
22 mai 1874 10 mars 1875 Patrice de Mac Mahon Ernest Courtot de Cissey
17%
6 avril 1885 29 décembre 1885 Jules Grévy Henri Brisson
17%
28 juin 1898 26 octobre 1898 Félix Faure Henri Brisson
17%
8 novembre 1934 31 mai 1935 Albert Lebrun Pierre-Étienne Flandin
17%
23 novembre 1877 24 novembre 1877 Patrice de Mac Mahon Gaëtan de Rochebouët
16%
22 mars 1913 2 décembre 1913 Raymond Poincaré Louis Barthou
16%
10 mars 1875 23 février 1876 Patrice de Mac Mahon Louis Buffet
16%
14 mars 1906 20 octobre 1906 Armand Fallières Ferdinand Sarrien
15%
11 décembre 1887 30 mars 1888 Sadi Carnot Pierre Tirard
15%
22 février 1889 13 mars 1890 Sadi Carnot Pierre Tirard
15%
7 août 1882 28 janvier 1883 Jules Grévy Charles Duclerc
14%
3 avril 1888 14 février 1889 Sadi Carnot Charles Floquet
14%
24 septembre 1920 12 janvier 1921 Alexandre Millerand Georges Leygues
14%
13 décembre 1930 22 janvier 1931 Gaston Doumergue Théodore Steeg
12%
8 juin 1924 10 juin 1924 Alexandre Millerand Frédéric François-Marsal
11%
2 mars 1911 26 juin 1911 Armand Fallières Ernest Monis
10%
1er juin 1935 4 juin 1935 Albert Lebrun Fernand Bouisson
10%
18 décembre 1932 28 janvier 1933 Albert Lebrun Joseph Paul-Boncour
10%
Aucun quiz correspondant
Distribution des résultats
% des personnes avec chaque résultat
Percentile par nombre de réponses
Votre historique - résultats
Vous n’avez pas pris ce quiz